000 00739nam a22002057a 4500
005 20251108172445.0
008 250721s9999 xx 000 0 ara d
082 1 4 _a338.1خلي
100 1 _aخليفة، علي يوسف
245 1 0 _aقواعد الإقتصادية الزراعية بين النظرية و التطبيق في مصر وبعض المقتصدات الزراعية العربية /
264 1 _aالإسكندرية :
_bمنشأة المعارف،
300 _a371ص
650 1 7 _aالإقتصاد الزراعي
650 1 7 _aالتنمية الزراعية
650 1 7 _aالإنتاجالزراعي
650 1 7 _aالسياسة الزراعية
650 1 7 _aمصر
942 _2ddc
_cBK
999 _c79829
_d79829